| 000 | 01524nam a2200265Ia 4500 | ||
|---|---|---|---|
| 999 |
_c5052 _d5052 |
||
| 003 | OSt | ||
| 005 | 20200508122356.0 | ||
| 008 | 191128s1998 ck ad gr 000 0dspa d | ||
| 040 |
_aCO-JMCR _cCO-JMCR |
||
| 041 | 0 | _aspa | |
| 082 | 0 | 4 |
_a307.12 / _bV529r |
| 100 | 1 |
_aVernao de la Rosa, Eduardo, _eautor _94122 |
|
| 245 | 1 | 0 |
_aRegión y estado : _buna propuesta para la conformación institucional y financiera de la región en Colombia / _hEduardo Vernao de la Rosa, Walfa Constanza Tellez Duarte, Luis Yesid Sandoval Brito |
| 260 |
_aBogotá : _bPresidencia de la República, _c1998 |
||
| 300 |
_a353 páginas : _btablas, gráficos ; _c24 cm. |
||
| 504 | _aIncluye bibliografía páginas 345-353. | ||
| 505 | _aDeterminantes de la inversión pública nacional en las regiones de Colombia -- El comportamiento reciente del nivel nacional del Estado -- La presencia del nivel nacional del Estado en las regiones -- Las formas institucionales de presencia nacional | ||
| 520 | _aLa discusión de una forma institucional para la regional no sólo comprende el tránsito obligado pero insuficiente de los Corpes a la Región Administrativa y de Planificación. Este debate involucra a todas las formas y organizaciones estatales. | ||
| 650 | 1 | 4 |
_aPlanificación regional _94123 |
| 650 | 2 | 4 |
_aInversiones públicas _92262 |
| 650 | 2 | 4 |
_aEstado y región _xFinanciamiento regional _94124 |
| 700 | 1 |
_aTellez Duarte, Walfa Constanza, _eautora _94125 |
|
| 700 | 1 |
_aSandoval Brito, Luis Yesid, _eautor _94126 |
|
| 942 |
_2ddc _cBK |
||